Państwa które toczyły wojnę w ostatnich 10 latach - Statystyki

Ogólne statystyki
  • Ten quiz został rozwiązany 63 razy
  • Średni wynik to 9 z 13
Statystyki odpowiedzi
Wzmazówka Odpowiedz % Poprawnych
Europa Rosja
100%
Europa Ukraina
100%
Azja Izrael
91%
Azja Irak
86%
Azja Syria
79%
Azja Iran
78%
Azja Afganistan
69%
Azja Liban
60%
Azja Palestyna
50%
Azja Turcja
48%
Azja Armenia
40%
Afryka Libia
38%
Azja Azerbejdżan
33%
Nie znaleziono quizów pasujących do podanych kryteriów
Rozkład punktacji
Procent ludzi z każdym wynikiem
Percentyl według liczby udzielonych odpowiedzi
Twoja historia wyników
Nie rozwiązałeś tego quizu